<?xml version="1.0" encoding="UTF-8"?>
<record
    xmlns:xsi="http://www.w3.org/2001/XMLSchema-instance"
    xsi:schemaLocation="http://www.loc.gov/MARC21/slim http://www.loc.gov/standards/marcxml/schema/MARC21slim.xsd"
    xmlns="http://www.loc.gov/MARC21/slim">

  <leader>00701nam a2200229 a 4500</leader>
  <controlfield tag="001">79778</controlfield>
  <controlfield tag="003">BD-RjUL</controlfield>
  <controlfield tag="005">20221103090306.0</controlfield>
  <controlfield tag="008">220510r19601959nyu      b    001 0 eng d</controlfield>
  <datafield tag="035" ind1=" " ind2=" ">
    <subfield code="a">(BD-RjUL)79778</subfield>
  </datafield>
  <datafield tag="040" ind1=" " ind2=" ">
    <subfield code="a">XNTU</subfield>
    <subfield code="b">eng</subfield>
    <subfield code="c">XNTU</subfield>
    <subfield code="d">BD-RjUL</subfield>
  </datafield>
  <datafield tag="041" ind1=" " ind2=" ">
    <subfield code="a">eng</subfield>
  </datafield>
  <datafield tag="082" ind1="0" ind2="4">
    <subfield code="2">23</subfield>
    <subfield code="a">306</subfield>
    <subfield code="b">BEP 1960</subfield>
  </datafield>
  <datafield tag="100" ind1="1" ind2=" ">
    <subfield code="a">Benedict, Ruth,</subfield>
    <subfield code="d">1887-1948.</subfield>
    <subfield code="9">73525</subfield>
  </datafield>
  <datafield tag="245" ind1="1" ind2="0">
    <subfield code="a">Patterns of culture /</subfield>
    <subfield code="c">Ruth Benedict.</subfield>
  </datafield>
  <datafield tag="260" ind1=" " ind2=" ">
    <subfield code="a">New York : </subfield>
    <subfield code="b">New American Library;</subfield>
    <subfield code="b"> A Mentor Book,</subfield>
    <subfield code="c">c1959 [Printing 1960].</subfield>
  </datafield>
  <datafield tag="300" ind1=" " ind2=" ">
    <subfield code="a">xvi, 254 pages.:</subfield>
    <subfield code="b">ill. ;</subfield>
    <subfield code="c">18cm.</subfield>
  </datafield>
  <datafield tag="504" ind1=" " ind2=" ">
    <subfield code="a">Includes bibliography and index.</subfield>
  </datafield>
  <datafield tag="650" ind1=" " ind2="0">
    <subfield code="a">Primitive societies.</subfield>
    <subfield code="9">34457</subfield>
  </datafield>
  <datafield tag="650" ind1=" " ind2="0">
    <subfield code="a">Anthropology.</subfield>
    <subfield code="9">102396</subfield>
  </datafield>
  <datafield tag="942" ind1=" " ind2=" ">
    <subfield code="2">ddc</subfield>
    <subfield code="c">BK</subfield>
  </datafield>
  <datafield tag="999" ind1=" " ind2=" ">
    <subfield code="c">79778</subfield>
    <subfield code="d">79778</subfield>
  </datafield>
  <datafield tag="952" ind1=" " ind2=" ">
    <subfield code="0">0</subfield>
    <subfield code="1">0</subfield>
    <subfield code="2">ddc</subfield>
    <subfield code="4">0</subfield>
    <subfield code="7">1</subfield>
    <subfield code="8">NFIC</subfield>
    <subfield code="a">RUCL</subfield>
    <subfield code="b">RUCL</subfield>
    <subfield code="c">Reading</subfield>
    <subfield code="d">1965-07-25</subfield>
    <subfield code="e">Zeitlinger</subfield>
    <subfield code="g">6.00</subfield>
    <subfield code="l">0</subfield>
    <subfield code="o">306 BEP 1960</subfield>
    <subfield code="r">2022-05-10 00:00:00</subfield>
    <subfield code="t">C-1</subfield>
    <subfield code="w">2022-05-10</subfield>
    <subfield code="y">BK</subfield>
  </datafield>
  <datafield tag="952" ind1=" " ind2=" ">
    <subfield code="0">0</subfield>
    <subfield code="1">0</subfield>
    <subfield code="2">ddc</subfield>
    <subfield code="4">0</subfield>
    <subfield code="7">0</subfield>
    <subfield code="8">NFIC</subfield>
    <subfield code="a">RUCL</subfield>
    <subfield code="b">RUCL</subfield>
    <subfield code="c">GEN</subfield>
    <subfield code="d">2022-11-03</subfield>
    <subfield code="l">0</subfield>
    <subfield code="o">306 BEP 1960</subfield>
    <subfield code="r">2022-11-03 00:00:00</subfield>
    <subfield code="t">C-2</subfield>
    <subfield code="w">2022-11-03</subfield>
    <subfield code="y">BK</subfield>
  </datafield>
</record>
